Súčasné ekonomické vzťahy medzi krajinami Sahelu a Ruskom diplomová práca

Saved in:
Bibliographic Details
Main Author: Díková, Patrícia
Corporate Author: Fakulta medzinárodných vzťahov EU. Katedra medzinárodných ekonomických vzťahov a hospodárskej diplomacie
Other Authors: Zagoršeková, Natália, 1991-
Format: Book
Language:Slovak
Published: Bratislava 2025
Tags: Add Tag
No Tags, Be the first to tag this record!

MARC

LEADER 00000nbm a2200000 4500
001 0309533
005 20260326124521.9
041 0 |a slo 
044 |a SK 
245 1 0 |a Súčasné ekonomické vzťahy medzi krajinami Sahelu a Ruskom  |b diplomová práca  |c Patrícia Díková ; školiteľ: Natália Zagoršeková 
264 1 |a Bratislava  |c 2025 
300 |a 75 s. 
100 1 |a Díková, Patrícia 
700 1 |a Zagoršeková, Natália, 1991- 
710 2 |a Fakulta medzinárodných vzťahov EU. Katedra medzinárodných ekonomických vzťahov a hospodárskej diplomacie